<?xml version="1.0" encoding="UTF-8"?>
<record
    xmlns:xsi="http://www.w3.org/2001/XMLSchema-instance"
    xsi:schemaLocation="http://www.loc.gov/MARC21/slim http://www.loc.gov/standards/marcxml/schema/MARC21slim.xsd"
    xmlns="http://www.loc.gov/MARC21/slim">

  <leader>00937nam2a2200265   4500</leader>
  <controlfield tag="001">RU\NLR\bibl\1858015</controlfield>
  <controlfield tag="005">20250616181637.0</controlfield>
  <datafield tag="010" ind1=" " ind2=" ">
    <subfield code="a">978-5-699-52618-5</subfield>
    <subfield code="9">4000</subfield>
  </datafield>
  <datafield tag="021" ind1=" " ind2=" ">
    <subfield code="a">RU</subfield>
    <subfield code="b">2011-3172&#x438;</subfield>
  </datafield>
  <datafield tag="035" ind1=" " ind2=" ">
    <subfield code="a">(NLR Aleph) 001847933</subfield>
  </datafield>
  <datafield tag="090" ind1=" " ind2=" ">
    <subfield code="a">2361906</subfield>
    <subfield code="c">2361906</subfield>
  </datafield>
  <datafield tag="100" ind1=" " ind2=" ">
    <subfield code="a">20120118d2011    |||y0rusy50      ca</subfield>
  </datafield>
  <datafield tag="101" ind1="1" ind2=" ">
    <subfield code="a">rus</subfield>
    <subfield code="c">und</subfield>
  </datafield>
  <datafield tag="102" ind1=" " ind2=" ">
    <subfield code="a">RU</subfield>
  </datafield>
  <datafield tag="105" ind1=" " ind2=" ">
    <subfield code="a">a   |||||||||</subfield>
  </datafield>
  <datafield tag="200" ind1="1" ind2=" ">
    <subfield code="a">&#x428;&#x430;&#x43C;&#x430;&#x43D;-&#x432;&#x443;&#x43D;&#x434;&#x435;&#x440;&#x43A;&#x438;&#x43D;&#x434;</subfield>
    <subfield code="f">[&#x43F;&#x435;&#x440;.: &#x415;&#x43A;&#x430;&#x442;&#x435;&#x440;&#x438;&#x43D;&#x430; &#x420;&#x44F;&#x431;&#x43E;&#x432;&#x430;, &#x41A;&#x440;&#x438;&#x441;&#x442;&#x438;&#x43D;&#x430; &#x41E;&#x433;&#x43D;&#x435;&#x432;&#x430;]</subfield>
  </datafield>
  <datafield tag="210" ind1=" " ind2=" ">
    <subfield code="d">2011</subfield>
    <subfield code="a">&#x411;. &#x43C;.</subfield>
  </datafield>
  <datafield tag="215" ind1=" " ind2=" ">
    <subfield code="a">184, [4] &#x441;.</subfield>
    <subfield code="c">&#x438;&#x43B;.</subfield>
  </datafield>
  <datafield tag="461" ind1=" " ind2="0">
    <subfield code="1">001RU\NLR\bibl\1874349</subfield>
    <subfield code="1">2001#$a&#x41A;&#x43E;&#x440;&#x43E;&#x43B;&#x44C;-&#x448;&#x430;&#x43C;&#x430;&#x43D;$v[&#x41A;&#x43D;.] 2</subfield>
    <subfield code="9">2572388</subfield>
    <subfield code="c">&#x41C;&#x43E;&#x441;&#x43A;&#x432;&#x430;</subfield>
    <subfield code="d">2011</subfield>
    <subfield code="f">&#x442;&#x435;&#x43A;&#x441;&#x442; &#x438; &#x440;&#x438;&#x441;&#x443;&#x43D;&#x43E;&#x43A;] &#x425;&#x438;&#x440;&#x43E;&#x44E;&#x43A;&#x438; &#x422;&#x430;&#x43A;&#x44D;&#x438;</subfield>
    <subfield code="n">&#x42D;&#x43A;&#x441;&#x43C;&#x43E;</subfield>
    <subfield code="o">[&#x43C;&#x430;&#x43D;&#x433;&#x430;</subfield>
    <subfield code="t">&#x41A;&#x43E;&#x440;&#x43E;&#x43B;&#x44C;-&#x448;&#x430;&#x43C;&#x430;&#x43D;</subfield>
    <subfield code="v">[&#x41A;&#x43D;.] 2</subfield>
  </datafield>
  <datafield tag="801" ind1=" " ind2="0">
    <subfield code="a">RU</subfield>
    <subfield code="b">NLR</subfield>
    <subfield code="c">20120118</subfield>
    <subfield code="g">RCR</subfield>
  </datafield>
  <datafield tag="801" ind1=" " ind2="1">
    <subfield code="a">RU</subfield>
    <subfield code="b">NLR</subfield>
    <subfield code="c">20120118</subfield>
  </datafield>
  <datafield tag="942" ind1=" " ind2=" ">
    <subfield code="c">BOOK</subfield>
  </datafield>
  <datafield tag="980" ind1=" " ind2=" ">
    <subfield code="a">NB</subfield>
  </datafield>
  <datafield tag="980" ind1=" " ind2=" ">
    <subfield code="a">NBR</subfield>
  </datafield>
  <datafield tag="995" ind1=" " ind2=" ">
    <subfield code="5">2012-01-18</subfield>
    <subfield code="a">ad</subfield>
    <subfield code="b">NLR01</subfield>
    <subfield code="c">NLR01</subfield>
    <subfield code="e">RF8</subfield>
    <subfield code="f">3575128</subfield>
    <subfield code="k">2011-3/21806</subfield>
    <subfield code="o">0</subfield>
    <subfield code="r">BOOK</subfield>
    <subfield code="s">2011321806_</subfield>
  </datafield>
  <datafield tag="995" ind1=" " ind2=" ">
    <subfield code="5">2012-01-18</subfield>
    <subfield code="a">ad</subfield>
    <subfield code="b">NLR01</subfield>
    <subfield code="c">NLR01</subfield>
    <subfield code="e">OBM</subfield>
    <subfield code="f">3575130</subfield>
    <subfield code="o">0</subfield>
    <subfield code="r">BOOK</subfield>
  </datafield>
</record>
